000
01071cas a2200325 a 4500
001
149204
003
OSt
005
20180921
008
245
_a
América Latina
260
_a
URSS, 0
650
_a
AMERICA LATINA
_a
ARTE LITERATURA
_a
ECONOMIA
040
_a
DLC
_c
DLC
942
_2
ddc
_c
RC
999
_c
149204
_d
14920400